Arbitrage in a basketball economy.

Úloha manažéra v prostredí tímovej produkcie. Tréner basketbalového tímu stojí pred problémom rozhodnutia (arbitráže) o produkcii tímu. Musí sledovať a presadiť proces pri rozdeľovaní hodov medzi hráčmi tak, aby každý z nich bol maximalizovaný. Formuluje sa teória činiteľa tohoto arbitrážneho proces...

Full description

Saved in:
Bibliographic Details
Main Author: Grier, K.B
Other Authors: Tollison, R.D
Format: Book Chapter
Language:English
Subjects:
Tags: Add Tag
No Tags, Be the first to tag this record!

MARC

LEADER 00000naa a2200000 4500
001 r003140
005 20220819193659.2
041 0 |a eng 
044 |a CH 
245 1 0 |a Arbitrage in a basketball economy.  |c K.B. Grier, R.D. Tollison 
520 |a Úloha manažéra v prostredí tímovej produkcie. Tréner basketbalového tímu stojí pred problémom rozhodnutia (arbitráže) o produkcii tímu. Musí sledovať a presadiť proces pri rozdeľovaní hodov medzi hráčmi tak, aby každý z nich bol maximalizovaný. Formuluje sa teória činiteľa tohoto arbitrážneho procesu a testuje sa údajmi Národnej basketbalovej asociácie. 
610 2 0 |a rozhodovanie 
610 2 0 |a arbitráž 
610 2 0 |a práca tímová 
610 2 0 |a manažment 
610 2 0 |a efektívnosť 
610 2 0 |a modely ekonomické 
610 2 0 |a testovanie hypotéz 
100 1 |a Grier, K.B. 
700 1 |a Tollison, R.D.